[Event "Ruhrgebiet Verbandsklasse Gruppe 1 1819"]
[Site "Nordrheinwestfalen"]
[Date "2019.01.20"]
[Round "5.4"]
[White "Straenger, Petra"]
[Black "Funke, Eckhard"]
[Result "0-1"]
[WhiteElo "1814"]
[BlackElo "1809"]
[PlyCount "82"]
[EventDate "2018.09.23"]
[EventType "team-tourn"]
[EventRounds "9"]
[EventCountry "GER"]
[SourceTitle "EXT 2022"]
[Source "ChessBase"]
[SourceDate "2021.10.06"]
[SourceVersion "1"]
[SourceVersionDate "2021.10.06"]
[SourceQuality "1"]
[WhiteTeam "Muelheim SC"]
[BlackTeam "Guennigfeld SV"]
[WhiteTeamCountry "GER"]
[BlackTeamCountry "GER"]

1. d4 Nf6 2. Nf3 e6 3. c4 d5 4. Nc3 Be7 5. g3 0-0 6. Bg2 dxc4 7. Ne5 Nc6 8. Nxc6 bxc6 9. Bxc6 Rb8 10. 0-0 Nd5 11. a3 a6 12. e4 Nxc3 13. bxc3 Rb6 14. Qa4 Qd6 15. d5 exd5 16. exd5 Qf6 17. Be3 Rxc6 18. dxc6 Bh3 19. Qd1 Qxc6 20. f3 Bxf1 21. Qxf1 Rd8 22. Rd1 Rxd1 23. Qxd1 Qd6 24. Qxd6 cxd6 25. Kf1 d5 26. a4 f5 27. Ke2 Bf6 28. Kd2 g5 29. Bc5 h5 30. h3 g4 31. hxg4 fxg4 32. f4 Kf7 33. Bb4 Ke6 34. Ke3 Kf5 35. Ba5 Ke6 36. Bb4 h4 37. gxh4 Bxh4 38. Bc5 Bd8 39. f5+ Kxf5 40. Kd4 Ke6 41. Ke3 Bf6 0-1

[Event "Ruhrgebiet Verbandsliga Gruppe 2 1718"]
[Site "Germany"]
[Date "2017.12.03"]
[Round "4.4"]
[White "Hufelschulte, Norbert"]
[Black "Straenger, Petra"]
[Result "1/2-1/2"]
[WhiteElo "2021"]
[BlackElo "1814"]
[PlyCount "42"]
[EventDate "2017.09.17"]
[EventType "team-tourn"]
[EventRounds "9"]
[EventCountry "GER"]
[SourceTitle "EXT 2022"]
[Source "ChessBase"]
[SourceDate "2021.10.06"]
[SourceVersion "1"]
[SourceVersionDate "2021.10.06"]
[SourceQuality "1"]
[WhiteTeam "Hamm SV"]
[BlackTeam "Muelheim SC"]
[WhiteTeamCountry "GER"]
[BlackTeamCountry "GER"]

1. d4 d5 2. Nf3 Nf6 3. e3 c6 4. Bd3 Bg4 5. Nbd2 e6 6. 0-0 Bd6 7. h3 Bh5 8. Re1 Qc7 9. e4 dxe4 10. Nxe4 Nbd7 11. Nxd6+ Qxd6 12. c3 0-0 13. Bg5 h6 14. Bxf6 Nxf6 15. g4 Bg6 16. Bxg6 fxg6 17. Ne5 g5 18. Ng6 Rf7 19. Ne5 Rff8 20. Ng6 Rf7 21. Ne5 Rff8 1/2-1/2

[Event "Ruhrgebiet Verbandsklasse Gruppe 3 1617"]
[Site "Germany"]
[Date "2017.03.12"]
[Round "8.5"]
[White "Straenger, Petra"]
[Black "Hofmann, Nicolas"]
[Result "1/2-1/2"]
[WhiteElo "1807"]
[BlackElo "1612"]
[PlyCount "106"]
[EventDate "2016.09.04"]
[EventType "team-tourn"]
[EventRounds "9"]
[EventCountry "GER"]
[SourceTitle "EXT 2022"]
[Source "ChessBase"]
[SourceDate "2021.10.06"]
[SourceVersion "1"]
[SourceVersionDate "2021.10.06"]
[SourceQuality "1"]
[WhiteTeam "Muelheim SC"]
[BlackTeam "Recklinghausen Laeufer Ost"]
[WhiteTeamCountry "GER"]
[BlackTeamCountry "GER"]

1. d4 g6 2. c4 Bg7 3. Nc3 d6 4. Nf3 Nf6 5. g3 0-0 6. Bg2 Nbd7 7. 0-0 c5 8. b3 a6 9. Bb2 Rb8 10. Qc2 b5 11. dxc5 dxc5 12. cxb5 axb5 13. a4 Ba6 14. axb5 Bxb5 15. Nxb5 Rxb5 16. Nd2 Qc7 17. Ra3 Rfb8 18. Rfa1 Nb6 19. Ra7 Qd6 20. R1a6 Qe6 21. Qd3 c4 22. Nxc4 Nfd5 23. Nxb6 R8xb6 24. Ra8+ Bf8 25. Qd4 Nf6 26. Qd8 Nd7 27. R6a7 Nb8 28. Qd4 Qf6 29. Qd2 Qf5 30. e4 Qe6 31. Qc3 f6 32. Ra3 Rxb3 33. Rxb3 Rxb3 34. Qd4 Nc6 35. Qd5 Qxd5 36. exd5 Rxb2 37. dxc6 Rb1+ 38. Bf1 Rc1 39. Rc8 e5 40. Kg2 Kf7 41. Bd3 Be7 42. h4 f5 43. f3 f4 44. gxf4 exf4 45. h5 Kf6 46. Be4 Kg5 47. hxg6 hxg6 48. Rg8 Kf6 49. Rxg6+ Ke5 50. Rg7 Bd6 51. Rg5+ Kf6 52. Rd5 Rxc6 53. Rf5+ Ke6 1/2-1/2

[Event "Ruhrgebiet Verbandsklasse Gruppe 3 1617"]
[Site "Germany"]
[Date "2017.02.19"]
[Round "7.5"]
[White "Bense, Dirk"]
[Black "Straenger, Petra"]
[Result "1-0"]
[WhiteElo "1942"]
[BlackElo "1807"]
[PlyCount "59"]
[EventDate "2016.09.04"]
[EventType "team-tourn"]
[EventRounds "9"]
[EventCountry "GER"]
[SourceTitle "EXT 2022"]
[Source "ChessBase"]
[SourceDate "2021.10.06"]
[SourceVersion "1"]
[SourceVersionDate "2021.10.06"]
[SourceQuality "1"]
[WhiteTeam "Brackel SF III"]
[BlackTeam "Muelheim SC"]
[WhiteTeamCountry "GER"]
[BlackTeamCountry "GER"]

1. e4 d5 2. exd5 Qxd5 3. Nf3 c6 4. d4 Nf6 5. Be2 Bf5 6. 0-0 e6 7. c4 Qa5 8. Nc3 Nbd7 9. Bf4 Be7 10. Re1 0-0 11. Bd3 Bxd3 12. Qxd3 Bb4 13. a3 Bxc3 14. bxc3 Rfd8 15. Qc2 Qh5 16. h3 Rac8 17. Qb3 b5 18. Ne5 Qf5 19. Bh2 bxc4 20. Nxc4 Qd5 21. Rab1 c5 22. Nd6 Rb8 23. Nb7 Rxb7 24. Qxb7 Qf5 25. Bg3 Qc2 26. dxc5 Qxc3 27. c6 Nb6 28. Bc7 Re8 29. Bxb6 axb6 30. Rbc1 1-0

[Event "Ruhrgebiet Verbandsliga Gruppe 2 1516"]
[Site "Germany"]
[Date "2015.12.20"]
[Round "5.7"]
[White "Straenger, Petra"]
[Black "Gross, Thomas"]
[Result "0-1"]
[WhiteElo "1793"]
[BlackElo "1964"]
[PlyCount "96"]
[EventDate "2015.09.06"]
[EventType "team-tourn"]
[EventRounds "9"]
[EventCountry "GER"]
[SourceTitle "EXT 2022"]
[Source "ChessBase"]
[SourceDate "2021.10.06"]
[SourceVersion "1"]
[SourceVersionDate "2021.10.06"]
[SourceQuality "1"]
[WhiteTeam "Muelheim SC"]
[BlackTeam "Oberhausen SV II"]
[WhiteTeamCountry "GER"]
[BlackTeamCountry "GER"]

1. d4 d5 2. Nf3 Nf6 3. g3 c6 4. Bg2 Bf5 5. 0-0 e6 6. c4 Bd6 7. b3 Nbd7 8. Bb2 0-0 9. Nc3 Qe7 10. Nh4 Bg4 11. Qc2 Rfd8 12. e4 dxe4 13. Nxe4 Nxe4 14. Bxe4 Nf6 15. Bg2 Ba3 16. Bc3 a5 17. Rfe1 Bb4 18. h3 Bxc3 19. Qxc3 Bh5 20. Nf3 Qb4 21. Qe3 a4 22. Ne5 Qd6 23. g4 Bg6 24. Nxg6 hxg6 25. Red1 Ra5 26. Qc3 Ra7 27. b4 Qf4 28. Qe3 g5 29. Rd3 Raa8 30. Rad1 Rd7 31. Qxf4 gxf4 32. d5 cxd5 33. cxd5 Rad8 34. d6 Ne8 35. a3 Rxd6 36. Be4 Rxd3 37. Rxd3 Rxd3 38. Bxd3 Nd6 39. Kf1 g5 40. Ke2 Kf8 41. Kd2 b5 42. Kc3 e5 43. f3 Ke7 44. Bc2 Ke6 45. Bd3 Kd5 46. Bb1 e4 47. Ba2+ Ke5 48. fxe4 Kxe4 0-1

[Event "Ruhrgebiet Verbandsliga Gruppe 2 1516"]
[Site "Germany"]
[Date "2015.11.29"]
[Round "4.6"]
[White "Straenger, Petra"]
[Black "Blank, Stephan"]
[Result "1-0"]
[WhiteElo "1793"]
[BlackElo "1884"]
[PlyCount "73"]
[EventDate "2015.09.06"]
[EventType "team-tourn"]
[EventRounds "9"]
[EventCountry "GER"]
[SourceTitle "EXT 2022"]
[Source "ChessBase"]
[SourceDate "2021.10.06"]
[SourceVersion "1"]
[SourceVersionDate "2021.10.06"]
[SourceQuality "1"]
[WhiteTeam "Muelheim SC"]
[BlackTeam "Essen Werden"]
[WhiteTeamCountry "GER"]
[BlackTeamCountry "GER"]

1. d4 Nf6 2. c4 c5 3. Nf3 e6 4. Nc3 cxd4 5. Nxd4 Nc6 6. Nxc6 bxc6 7. e4 Bb4 8. Bd2 0-0 9. Bd3 Qc7 10. 0-0 Bc5 11. Kh1 d5 12. exd5 exd5 13. cxd5 Ng4 14. f4 f5 15. Bc4 Kh8 16. Qf3 cxd5 17. Nxd5 Qd6 18. h3 Be6 19. Bc3 Rad8 20. Rad1 Nf2+ 21. Rxf2 Bxf2 22. Qxf2 Qc6 23. Qd4 Rd7 24. Rd3 Rf6 25. Qe5 Rg6 26. Qb8+ Bg8 27. Ne3 Qxc4 28. Nxc4 Rxd3 29. Ne5 Rd1+ 30. Kh2 Rf6 31. Nf3 Rfd6 32. Qf8 Rd7 33. Ng5 h6 34. Ne6 Kh7 35. Qxf5+ Kh8 36. Nxg7 Rxg7 37. Qg4 1-0

[Event "NRW Verbandsklasse Group3 1314"]
[Site "Nordrheinwestfalen"]
[Date "2014.01.26"]
[Round "6.5"]
[White "Straenger, Petra"]
[Black "Hater, Norbert"]
[Result "1/2-1/2"]
[WhiteElo "1839"]
[BlackElo "1908"]
[PlyCount "71"]
[EventDate "2013.09.08"]
[EventType "team-tourn"]
[EventRounds "9"]
[EventCountry "GER"]
[SourceTitle "EXT 2020"]
[Source "ChessBase"]
[SourceDate "2019.10.17"]
[SourceVersion "1"]
[SourceVersionDate "2019.10.17"]
[SourceQuality "1"]
[WhiteTeam "Muelheim SC"]
[BlackTeam "Hervest Dorsten"]
[WhiteTeamCountry "GER"]
[BlackTeamCountry "GER"]

1. d4 g6 2. Nf3 Bg7 3. c4 d6 4. Nc3 Nc6 5. g3 e5 6. dxe5 Nxe5 7. Nxe5 Bxe5 8. Qc2 Bg7 9. Bg2 c6 10. 0-0 Ne7 11. Rd1 Be6 12. Bf4 0-0 13. Bxd6 Bxc4 14. Be5 Qe8 15. Bxg7 Kxg7 16. Ne4 Bd5 17. Qc3+ f6 18. Nc5 b6 19. Nd3 Bxg2 20. Kxg2 Nd5 21. Qc2 Qe6 22. Kg1 Rae8 23. Rac1 c5 24. Qa4 Rf7 25. Re1 Rfe7 26. e4 Nb4 27. Nxb4 cxb4 28. b3 a5 29. Qb5 Rd8 30. Rc6 Rd6 31. Rxd6 Qxd6 32. f4 Qd4+ 33. Kf1 Rxe4 34. Rxe4 Qxe4 35. Qd7+ Kf8 36. Qd8+ 1/2-1/2

[Event "Ruhrgebiet VK1 1213"]
[Site "Nordrheinwestfalen"]
[Date "2012.09.30"]
[Round "2.2"]
[White "Reiter, Hans Ernst"]
[Black "Straenger, Petra"]
[Result "1-0"]
[WhiteElo "2031"]
[BlackElo "1874"]
[PlyCount "151"]
[EventDate "2012.09.02"]
[EventType "team-tourn"]
[EventRounds "9"]
[EventCountry "GER"]
[SourceTitle "EXT 2020"]
[Source "ChessBase"]
[SourceDate "2019.10.17"]
[SourceVersion "1"]
[SourceVersionDate "2019.10.17"]
[SourceQuality "1"]
[WhiteTeam "Muelheim Nord IV"]
[BlackTeam "Muelheim SC"]
[WhiteTeamCountry "GER"]
[BlackTeamCountry "GER"]

1. d4 d5 2. Nf3 Nf6 3. Bf4 c5 4. c3 Qb6 5. Qb3 Nc6 6. e3 c4 7. Qxb6 axb6 8. Nbd2 Bf5 9. Be2 h6 10. 0-0 e6 11. Ne5 Nxe5 12. Bxe5 Be7 13. Bxf6 Bxf6 14. e4 Bg6 15. exd5 exd5 16. f4 0-0 17. Bf3 Rfd8 18. Rfe1 b5 19. a3 Ra6 20. Nf1 Re6 21. Kf2 Bd3 22. Ne3 Be4 23. Bxe4 dxe4 24. Re2 Be7 25. Rae1 g6 26. Rg1 Bd6 27. g3 Kh7 28. Ke1 f5 29. Rf2 Rf8 30. Kd2 Bb8 31. Ra1 Ra6 32. Rff1 Bd6 33. Kc2 Kg7 34. Rae1 Bc7 35. Re2 Re6 36. Rg2 Kh7 37. h3 Bd6 38. Rb1 Ra8 39. Rf2 Rf6 40. Rg1 Re8 41. Rfg2 Rg8 42. Rf1 Rgf8 43. Rb1 Ra8 44. Rgg1 Rf7 45. Ra1 Rc7 46. Rgf1 Rf7 47. a4 bxa4 48. Nxc4 Bc7 49. Ne3 b5 50. b3 Bd6 51. bxa4 bxa4 52. Rfb1 Rc7 53. Nd5 Rf7 54. Rb6 Bf8 55. g4 Rd8 56. gxf5 Rxf5 57. Nf6+ Kg7 58. Nxe4 Rxf4 59. Rb7+ Kg8 60. Nd2 a3 61. Ra7 Rc8 62. Rg1 g5 63. Rg4 Bb4 64. Ne4 Rxe4 65. Rxe4 Rxc3+ 66. Kb1 Rxh3 67. d5 Bc5 68. Re8+ Bf8 69. d6 a2+ 70. Kxa2 Rh2+ 71. Kb1 Rh1+ 72. Kc2 Rh2+ 73. Kd1 Rh1+ 74. Ke2 Rh2+ 75. Kf1 Rd2 76. d7 1-0

[Event "Ruhrgebiet Verbandsliga2 1112"]
[Site "Nordrheinwestfalen"]
[Date "2012.03.04"]
[Round "7.5"]
[White "Hufelschulte, Norbert"]
[Black "Straenger, Petra"]
[Result "1-0"]
[WhiteElo "2034"]
[BlackElo "1870"]
[PlyCount "103"]
[EventDate "2011.09.18"]
[EventType "team-tourn"]
[EventRounds "9"]
[EventCountry "GER"]
[SourceTitle "EXT 2020"]
[Source "ChessBase"]
[SourceDate "2019.10.17"]
[SourceVersion "1"]
[SourceVersionDate "2019.10.17"]
[SourceQuality "1"]
[WhiteTeam "Hamm SVg"]
[BlackTeam "Muelheim SC"]
[WhiteTeamCountry "GER"]
[BlackTeamCountry "GER"]

1. d4 d5 2. c4 c6 3. Nf3 Nf6 4. Nc3 dxc4 5. a4 Bf5 6. e3 e6 7. Bxc4 Bb4 8. 0-0 h6 9. Qe2 0-0 10. e4 Bg4 11. Rd1 Re8 12. h3 Bh5 13. g4 Nxg4 14. hxg4 Bxg4 15. e5 Nd7 16. Rd3 Nf8 17. Qe3 Ng6 18. Nh2 Bf5 19. Rd1 Be7 20. Ne2 Bg5 21. Qg3 Bh4 22. Qe3 Bg5 23. Qg3 Bh4 24. Qb3 Rb8 25. Nf3 Be4 26. Ng3 Bxg3 27. fxg3 b5 28. axb5 cxb5 29. Be2 a5 30. Qe3 Bd5 31. Bd3 Bxf3 32. Qxf3 Qxd4+ 33. Qe3 Qg4 34. Be2 Qb4 35. Bd2 Qxb2 36. Bc3 Qc2 37. Rdc1 Qf5 38. Rxa5 b4 39. Bb2 Red8 40. Ra7 Qh3 41. Qf3 Nh8 42. Rcc7 Rf8 43. Bf1 Qf5 44. Qxf5 exf5 45. Bc4 Rbc8 46. e6 Rxc7 47. Rxc7 Ng6 48. exf7+ Kh7 49. Bd3 Nh8 50. Bxf5+ g6 51. Be6 h5 52. Bd4 1-0

[Event "Ruhrgebiet Verbandsliga2 1112"]
[Site "Nordrheinwestfalen"]
[Date "2012.01.08"]
[Round "5.6"]
[White "Straenger, Petra"]
[Black "Fraenkel, Karl Heinz"]
[Result "0-1"]
[WhiteElo "1870"]
[BlackElo "1922"]
[PlyCount "80"]
[EventDate "2011.09.18"]
[EventType "team-tourn"]
[EventRounds "9"]
[EventCountry "GER"]
[SourceTitle "EXT 2020"]
[Source "ChessBase"]
[SourceDate "2019.10.17"]
[SourceVersion "1"]
[SourceVersionDate "2019.10.17"]
[SourceQuality "1"]
[WhiteTeam "Muelheim SC"]
[BlackTeam "Bochum SV II"]
[WhiteTeamCountry "GER"]
[BlackTeamCountry "GER"]

1. d4 d5 2. c4 e6 3. Nc3 Nf6 4. Nf3 Be7 5. g3 0-0 6. Bg2 dxc4 7. Ne5 c5 8. dxc5 Bxc5 9. 0-0 Qc7 10. Nf3 Nbd7 11. e3 a6 12. a4 Rb8 13. a5 b5 14. axb6 Nxb6 15. Qe2 Bb7 16. Na4 Rbc8 17. Bd2 Be4 18. Rfc1 Qb7 19. Nxc5 Rxc5 20. Bb4 Rb5 21. Bxf8 Kxf8 22. Ne1 Bxg2 23. Nxg2 Nfd5 24. Qd2 f6 25. e4 Nb4 26. Qd8+ Kf7 27. b3 Nc6 28. Qd6 Nc8 29. Qd2 cxb3 30. Rd1 Ne5 31. Qd8 Ne7 32. Kh1 b2 33. Rab1 Qxe4 34. Qd4 Qf3 35. Re1 Qd5 36. Qxd5 Nxd5 37. Re2 Nc4 38. Rc2 Na3 39. Rbxb2 Nxc2 40. Rxc2 Rb1+ 0-1

[Event "Ruhrgebiet Verbandsliga2 1112"]
[Site "Nordrheinwestfalen"]
[Date "2011.10.09"]
[Round "2.5"]
[White "Straenger, Petra"]
[Black "Henrichs, Wenke"]
[Result "1/2-1/2"]
[WhiteElo "1870"]
[BlackElo "2043"]
[PlyCount "95"]
[EventDate "2011.09.18"]
[EventType "team-tourn"]
[EventRounds "9"]
[EventCountry "GER"]
[SourceTitle "EXT 2020"]
[Source "ChessBase"]
[SourceDate "2019.10.17"]
[SourceVersion "1"]
[SourceVersionDate "2019.10.17"]
[SourceQuality "1"]
[WhiteTeam "Muelheim SC"]
[BlackTeam "Wattenscheid SV IV"]
[WhiteTeamCountry "GER"]
[BlackTeamCountry "GER"]

1. d4 Nf6 2. Nf3 g6 3. c4 Bg7 4. g3 0-0 5. Bg2 d6 6. 0-0 Na6 7. Nc3 c5 8. b3 Bg4 9. Bb2 Qd7 10. dxc5 Nxc5 11. Qc2 Bh3 12. Rad1 Bxg2 13. Kxg2 b6 14. Nd5 Nxd5 15. Rxd5 Qb7 16. Bxg7 Kxg7 17. h4 h5 18. Qb2+ Kg8 19. Qd2 f5 20. Qh6 Rf6 21. Kg1 e5 22. Rfd1 Qe7 23. Ng5 Nb7 24. Nf3 Qf8 25. Qg5 Re8 26. Qd2 f4 27. Ng5 e4 28. Qd4 e3 29. f3 fxg3 30. Rb5 Nc5 31. Qd5+ Kg7 32. b4 Re5 33. Qd4 Ne6 34. Nxe6+ Rexe6 35. c5 dxc5 36. bxc5 Kh7 37. cxb6 axb6 38. Qd3 Rd6 39. Rd5 Rxd5 40. Qxd5 Qe7 41. Qg5 Qe6 42. Qxg3 Qxa2 43. Rd7+ Rf7 44. Qc7 Rxd7 45. Qxd7+ Kh6 46. Qd4 Qb1+ 47. Kg2 Kh7 48. Qxe3 1/2-1/2